Εισαγωγή στην ασύρματη δικτύωση : ένας εύχρηστος οδηγός για τα δίκτυα Wi-Fi και τα ευρυζωνικά ασύρματα δίκτυα

Αποθηκεύτηκε σε:
Λεπτομέρειες βιβλιογραφικής εγγραφής
Κύριος συγγραφέας: Ross, John 1947-
Άλλοι συγγραφείς: Στάμου, Γεώργιος (Μεταφραστής)
Μορφή: Βιβλίο
Γλώσσα:Greek
English
Δημοσίευση: Αθήνα : Κλειδάριθμος, c2009.
Θέματα:
Ετικέτες: Προσθήκη ετικέτας
Δεν υπάρχουν, Καταχωρήστε ετικέτα πρώτοι!

MARC

LEADER 00000cam a2200000 i 4500
001 1/24353
008 130111s2009####gr ad || 000 | gre||
020 |a 9789604612192  
035 |l 10113431  
040 |a GR-MY-UA  |b gre  |e aacr 
041 0 |a gre  |h eng 
082 0 |a 004.68   |2 (22)  
100 1 |a Ross, John  |d 1947- 
245 1 0 |a Εισαγωγή στην ασύρματη δικτύωση :   |b ένας εύχρηστος οδηγός για τα δίκτυα Wi-Fi και τα ευρυζωνικά ασύρματα δίκτυα /   |c John Ross ; μετάφραση Γιώργος Στάμου.  
260 |a Αθήνα :   |b Κλειδάριθμος,   |c c2009.  
300 |a 405 σ. :   |b εικ. ;   |c 24 εκ.  
500 |a 2η αμερικάνικη έκδοση.  
500 |a Μετάφραση του: The book of wireless.  
504 |a Περιέχει ευρετήριο.  
650 0 0 |a Wireless LANs  |x Installation. 
650 0 0 |a Wireless LANs  |x Standards. 
700 1 |a Στάμου, Γεώργιος,  |e trl 
852 |a INST  |b LESVOS  |c EUDOXUS  |e 20150615  |h 004.68 ROS  |p 005100056937  |q 005100056937  |t EDX  |y 0 
852 |a INST  |b SAMOS  |e 20130111  |h 004.68 ROS  |p 005300033525  |q 005300033525  |t BK  |y 0 
901 |a BIBL3-2013-1 
909 |a Σ  |b 177208 
920 |a Εύδοξος  |b Παραγγελία  |y Λέσβος-ΤΠΤΕ  |z 2015-04 
922 |a 3ΕΛΗ  |b 201210  |c ΤΜΠΕΣ  |d Best Book Hunters 
970 |a Κοσιέρης  |b Χρήστος  |z 2013/01/11